Regrant revisited (Record no. 66392)
[ view plain ]
| 000 -LEADER | |
|---|---|
| fixed length control field | 01142cam a2200217 4500 |
| 001 - CONTROL NUMBER | |
| control field | ABS63732 |
| 008 - FIXED-LENGTH DATA ELEMENTS--GENERAL INFORMATION | |
| fixed length control field | 000000n2001 000 0 eng u |
| 035 ## - SYSTEM CONTROL NUMBER | |
| System control number | (Sirsi) u111427 |
| 100 ## - MAIN ENTRY--PERSONAL NAME | |
| Personal name | Williams, P.J.G. |
| 245 ## - TITLE STATEMENT | |
| Title | Regrant revisited |
| 260 ## - PUBLICATION, DISTRIBUTION, ETC. | |
| Date of publication, distribution, etc. | 2001 |
| 490 ## - SERIES STATEMENT | |
| Series statement | Estates Gazette |
| Volume/sequential designation | (0110) 10 March 2001, 152(1) |
| 520 ## - SUMMARY, ETC. | |
| Summary, etc. | The first of two articles offering advice on leases. Looks at the rule of implied surrender and regrant. Explains how certain changes to leases will result in the creation of a new lease. For instance, if a landlord grants a lease to someone who is already his tenant, and for the same property, the current lease will have been replaced by a new lease. Explains, through examples, how the law on surrender and regrant is less clear in the instances of increases in the extent of the premises, and the length of the term of a lease. Notes that the parties' intentions in these situations are irrelevant. |
| 590 ## - LOCAL NOTE (RLIN) | |
| Local note | ABS |
| 650 ## - SUBJECT ADDED ENTRY--TOPICAL TERM | |
| Topical term or geographic name entry element | LEASES |
| 650 ## - SUBJECT ADDED ENTRY--TOPICAL TERM | |
| Topical term or geographic name entry element | SURRENDER AND RE-GRANT |
| 650 ## - SUBJECT ADDED ENTRY--TOPICAL TERM | |
| Topical term or geographic name entry element | IMPLIED SURRENDERS |
| 650 ## - SUBJECT ADDED ENTRY--TOPICAL TERM | |
| Topical term or geographic name entry element | ALTERATIONS |
| 690 ## - LOCAL SUBJECT ADDED ENTRY--TOPICAL TERM (OCLC, RLIN) | |
| Topical term or geographic name as entry element | LANDLORD AND TENANT-LEASES |
| 942 ## - ADDED ENTRY ELEMENTS (KOHA) | |
| Suppress in OPAC | 0 |
| Withdrawn status | Lost status | Source of classification or shelving scheme | Damaged status | Not for loan | Home library | Current library | Shelving location | Date acquired | Total Checkouts | Full call number | Barcode | Date last seen | Copy number | Price effective from | Koha item type |
|---|---|---|---|---|---|---|---|---|---|---|---|---|---|---|---|
| Dewey Decimal Classification | London | London | Journal article | 14/03/2001 | ABS63732 | 111427-1001 | 06/08/2019 | 1 | 06/08/2019 | Journal article |